| 000 | 00692nam a2200265Ia 4500 | ||
|---|---|---|---|
| 003 | OSt | ||
| 005 | 20221006142947.0 | ||
| 006 | a|||||r|||| 00| 0 | ||
| 007 | ta | ||
| 008 | 221006b |||||||| |||| 00| 0 eng d | ||
| 020 |
_c _76.50 |
||
| 024 | _a7,636 | ||
| 037 | _cTextual | ||
| 040 |
_aEASL _cEASL _beng |
||
| 041 |
_2eng _aeng |
||
| 082 | _aY.42.N93, N4 | ||
| 100 |
_aKAWAMURA Nozomu _9283784 |
||
| 245 | 0 | _aSociology and society of Japan | |
| 260 |
_aLondon _bKegan Paul International _c1994 |
||
| 300 |
_a229p. _ccm. |
||
| 490 |
_v JEL _aJapanese Studies |
||
| 650 | _aJEL | ||
| 942 |
_hY.42.N93, N4 _cTEXL _2CC |
||
| 999 |
_c1075722 _d1075722 |
||